Evidence / (Record no. 626)
[ view plain ]
| 000 -LEADER | |
|---|---|
| fixed length control field | 01148cam a2200373 i 4500 |
| 001 - CONTROL NUMBER | |
| control field | 22727 |
| 003 - CONTROL NUMBER IDENTIFIER | |
| control field | OSt |
| 005 - DATE AND TIME OF LATEST TRANSACTION | |
| control field | 20120302143743.0 |
| 008 - FIXED-LENGTH DATA ELEMENTS--GENERAL INFORMATION | |
| fixed length control field | 800521s1980 enk b 001 0 eng |
| 010 ## - LIBRARY OF CONGRESS CONTROL NUMBER | |
| LC control number | 79050505 |
| 035 ## - SYSTEM CONTROL NUMBER | |
| System control number | (OCoLC)5029022 |
| 035 ## - SYSTEM CONTROL NUMBER | |
| System control number | (OCoLC)ocm05029022 |
| 035 ## - SYSTEM CONTROL NUMBER | |
| System control number | (CStRLIN)NYCG15956415-B |
| 035 ## - SYSTEM CONTROL NUMBER | |
| System control number | (NNC)22727 |
| 040 ## - CATALOGING SOURCE | |
| Original cataloging agency | DDC |
| 050 0# - LIBRARY OF CONGRESS CALL NUMBER | |
| Classification number | BC173 |
| Item number | .N37 |
| 082 ## - DEWEY DECIMAL CLASSIFICATION NUMBER | |
| Classification number | 347.06 CRO |
| 100 1# - MAIN ENTRY--PERSONAL NAME | |
| Personal name | Cross Rupert. |
| 9 (RLIN) | 1818 |
| 245 10 - TITLE STATEMENT | |
| Title | Evidence / |
| Statement of responsibility, etc | Rupert Cross . _ |
| 250 ## - EDITION STATEMENT | |
| Edition statement | 3nd ed. |
| 260 ## - PUBLICATION, DISTRIBUTION, ETC. (IMPRINT) | |
| Place of publication, distribution, etc | london: |
| -- | Butterworths. |
| Date of publication, distribution, etc | 1967. |
| 300 x# - PHYSICAL DESCRIPTION | |
| Extent | xciv, 565 p. ; |
| Dimensions | 23 cm. |
| 490 1# - SERIES STATEMENT | |
| Series statement | Cambridge studies in philosophy |
| 500 ## - GENERAL NOTE | |
| General note | Includes index. |
| 504 ## - BIBLIOGRAPHY, ETC. NOTE | |
| Bibliography, etc | Bibliography: p. [189]-191. |
| 650 #0 - SUBJECT ADDED ENTRY--TOPICAL TERM | |
| Topical term or geographic name as entry element | Evidence. |
| 9 (RLIN) | 1819 |
| 650 #0 - SUBJECT ADDED ENTRY--TOPICAL TERM | |
| Topical term or geographic name as entry element | Justification (Theory of knowledge) |
| 9 (RLIN) | 1820 |
| 650 #0 - SUBJECT ADDED ENTRY--TOPICAL TERM | |
| Topical term or geographic name as entry element | Belief and doubt. |
| 9 (RLIN) | 1821 |
| 650 #0 - SUBJECT ADDED ENTRY--TOPICAL TERM | |
| Topical term or geographic name as entry element | Skepticism. |
| 9 (RLIN) | 1822 |
| 830 #0 - SERIES ADDED ENTRY--UNIFORM TITLE | |
| Uniform title | Cambridge studies in philosophy. |
| 9 (RLIN) | 1823 |
| 942 ## - ADDED ENTRY ELEMENTS (KOHA) | |
| Source of classification or shelving scheme | Dewey Decimal Classification |
| Koha item type | Books |
| Withdrawn status | Lost status | Source of classification or shelving scheme | Damaged status | Not for loan | Home library | Current library | Shelving location | Date acquired | Total Checkouts | Full call number | Barcode | Checked out | Date last seen | Date checked out | Price effective from | Koha item type |
|---|---|---|---|---|---|---|---|---|---|---|---|---|---|---|---|---|
| Dewey Decimal Classification | Law Development Centre Main Library | Law Development Centre Main Library | Text Books and Laws | 04/26/2011 | 1 | 347.06 UGL | 294010 | 03/03/2012 | 03/02/2012 | 03/02/2012 | 04/26/2011 | Books |
